00745nam a22001931a 4500020001800000082001700018100003100035245006800066250000900134260008100143300001100224650003300235650002500268650001600293942000700309999001900316952010800335952010800443 a9788193036846 aM09bULL/K.1 aUlloor S Parameswara Iyer  aKerala sahithya charithram (v.1)/cby Ulloor S Parameswara Iyer a6th. aThiruvananthapuram:bDepartment of Publication, University of Kerala,c2015. a1070p/ aLiterature Malayalam History aLiterature Malayalam aLiterature  cBK c181937d181937 00104070aSSUSbSSUScREFd2026-06-02g1100.00l0oR M09 ULL/K.1p109109r2026-06-02w2026-06-02yREF 00104070aSSUSbSSUScREFd2026-06-02g1100.00l0oR M09 ULL/K.1p109952r2026-06-02w2026-06-02yREF